Taylor Swift (Evermore) A to Z - Statistics

General Stats
  • This quiz has been taken 74 times
  • The average score is 15 of 17
Answer Stats
Hint Answer % Correct
C Champagne Problems
95%
W Willow
95%
E Evermore
93%
I It's Time To Go
91%
Coney Island
89%
M Marjorie
88%
Tolerate It
88%
D Dorothea
86%
G Gold Rush
86%
N No Body, No Crime
86%
R Right Where You Left Me
84%
Closure
82%
H Happiness
81%
Cowboy Like Me
79%
Ivy
79%
T Tis The Damn Season
75%
L Long Story Short
74%
No matching quizzes found
Score Distribution
Percent of People with Each Score
Percentile by Number Answered
Your Score History
You have not taken this quiz